[Event "Chittagong op"]
[Site "Chittagong"]
[Date "2018.09.08"]
[Round "9"]
[White "Anustoop, Biswas"]
[Black "Kayastha, Madan Krishna"]
[Result "1-0"]
[WhiteElo "2308"]
[BlackElo "2077"]
[PlyCount "45"]
[EventDate "2018.09.02"]
[EventType "swiss"]
[EventRounds "10"]
[EventCountry "BAN"]
[SourceTitle "CBM 186 Extra"]
[Source "ChessBase"]
[SourceDate "2018.08.24"]
[SourceVersion "1"]
[SourceVersionDate "2018.08.24"]
[SourceQuality "1"]

1. Nc3 c5 2. e4 b6 3. f4 Bb7 4. g3 Nf6 5. Bg2 e6 6. Qe2 d5 7. d3 Be7 8. e5 Nfd7 9. Nf3 Nc6 10. Bd2 a6 11. f5 Nd4 12. Nxd4 cxd4 13. fxe6 Nxe5 14. Qxe5 Bf6 15. exf7+ Kf8 16. Qe8+ Qxe8+ 17. fxe8Q+ Rxe8+ 18. Ne2 g5 19. 0-0 Kg7 20. Rf2 Re6 21. Raf1 Rhe8 22. Nc1 a5 23. Bh3 1-0

[Event "Sitges op 44th"]
[Site "Sitges"]
[Date "2018.07.28"]
[Round "8"]
[White "Anustoop, Biswas"]
[Black "Hernandez, Cristian Andres"]
[Result "1/2-1/2"]
[WhiteElo "2052"]
[BlackElo "2323"]
[PlyCount "75"]
[EventDate "2018.07.22"]
[EventType "swiss"]
[EventRounds "9"]
[EventCountry "ESP"]
[SourceTitle "CBM 185 Extra"]
[Source "ChessBase"]
[SourceDate "2018.07.29"]
[SourceVersion "1"]
[SourceVersionDate "2018.07.29"]
[SourceQuality "1"]

1. e4 c6 2. d4 d5 3. exd5 cxd5 4. Bd3 Nc6 5. c3 Qc7 6. Ne2 e6 7. Bf4 Bd6 8. Bxd6 Qxd6 9. Na3 Nge7 10. Nc2 f6 11. f4 Bd7 12. Qd2 0-0 13. 0-0 Be8 14. Ne3 Bg6 15. Bxg6 hxg6 16. Ng3 b5 17. a3 a5 18. Nc2 b4 19. axb4 axb4 20. Qd3 Rxa1 21. Nxa1 bxc3 22. bxc3 Rb8 23. Qe2 Kf7 24. Qa2 Rb5 25. Nb3 Qb8 26. Nc5 Rb2 27. Qa1 Rc2 28. Rf3 Nd8 29. Nf1 Nec6 30. h3 Qb5 31. Re3 Na5 32. Qe1 Qb6 33. f5 gxf5 34. Qd1 Qb2 35. Qh5+ Ke7 36. Qg6 Re2 37. Qxg7+ Nf7 38. Rg3 1/2-1/2

[Event "Sitges op 44th"]
[Site "Sitges"]
[Date "2018.07.24"]
[Round "4"]
[White "Anustoop, Biswas"]
[Black "Gonzalez Rodriguez, Jorge Armando"]
[Result "1-0"]
[WhiteElo "2052"]
[BlackElo "2271"]
[PlyCount "49"]
[EventDate "2018.07.22"]
[EventType "swiss"]
[EventRounds "9"]
[EventCountry "ESP"]
[SourceTitle "CBM 185 Extra"]
[Source "ChessBase"]
[SourceDate "2018.07.29"]
[SourceVersion "1"]
[SourceVersionDate "2018.07.29"]
[SourceQuality "1"]

1. e4 e6 2. d4 d5 3. Nd2 Nf6 4. e5 Ng8 5. Bd3 b6 6. Qe2 a5 7. Ngf3 Ba6 8. c4 dxc4 9. Nxc4 Ne7 10. 0-0 Nd5 11. a3 h6 12. Bd2 a4 13. Be3 c5 14. Rad1 b5 15. Nd6+ Bxd6 16. Bxb5+ Bxb5 17. Qxb5+ Qd7 18. Qxd7+ Nxd7 19. exd6 c4 20. Rc1 Rc8 21. Rc2 N7b6 22. Ne5 f6 23. d7+ Nxd7 24. Nxc4 Rb8 25. Rfc1 1-0

[Event "Barcelona Sant Marti op-A 20th"]
[Site "Barcelona"]
[Date "2018.07.21"]
[Round "9"]
[White "Sapale, Saloni"]
[Black "Anustoop, Biswas"]
[Result "0-1"]
[WhiteElo "2145"]
[BlackElo "2052"]
[PlyCount "94"]
[EventDate "2018.07.13"]
[EventType "swiss"]
[EventRounds "9"]
[EventCountry "ESP"]
[SourceTitle "CBM 185 Extra"]
[Source "ChessBase"]
[SourceDate "2018.07.29"]
[SourceVersion "1"]
[SourceVersionDate "2018.07.29"]
[SourceQuality "1"]

1. e4 e6 2. d4 d5 3. Nc3 Bb4 4. e5 Ne7 5. a3 Bxc3+ 6. bxc3 c5 7. Qg4 Qc7 8. Bd3 c4 9. Be2 Qa5 10. Bd2 Rg8 11. Qh3 h6 12. Bh5 Nbc6 13. Qf3 Rf8 14. Ne2 Bd7 15. 0-0 Qa4 16. Ra2 Nf5 17. Ng3 Nce7 18. Bg4 Nh4 19. Qf4 Nhg6 20. Qe3 0-0-0 21. Nh5 Rg8 22. f4 Nh4 23. Qh3 Nhf5 24. Bd1 Nc6 25. g4 Nfe7 26. Ng3 Rdf8 27. f5 exf5 28. Nxf5 Nxf5 29. gxf5 Ne7 30. Bg4 h5 31. e6 fxe6 32. Qxh5 exf5 33. Qg5 Rf6 34. Bh5 Qc6 35. Re1 Ng6 36. Raa1 Rh8 37. Kh1 Qd6 38. Re2 f4 39. Rg1 Bf5 40. Bxg6 Bxg6 41. Bxf4 Qf8 42. Qxd5 Bf7 43. Qa5 Rxf4 44. Re5 Qd8 45. Qc5+ Kb8 46. Rb1 Rxh2+ 47. Kg1 Rg4+ 0-1

[Event "Barcelona Sant Marti op-A 20th"]
[Site "Barcelona"]
[Date "2018.07.20"]
[Round "8"]
[White "Anustoop, Biswas"]
[Black "Jaeel, Atharva"]
[Result "1/2-1/2"]
[WhiteElo "2052"]
[BlackElo "2083"]
[PlyCount "102"]
[EventDate "2018.07.13"]
[EventType "swiss"]
[EventRounds "9"]
[EventCountry "ESP"]
[SourceTitle "CBM 185 Extra"]
[Source "ChessBase"]
[SourceDate "2018.07.29"]
[SourceVersion "1"]
[SourceVersionDate "2018.07.29"]
[SourceQuality "1"]

1. e4 c6 2. d4 d5 3. exd5 cxd5 4. Bd3 Nc6 5. c3 Nf6 6. Bf4 Bg4 7. Qb3 Qc8 8. Nd2 e6 9. Ngf3 Be7 10. 0-0 0-0 11. Ne5 Bh5 12. Qc2 a6 13. Ndf3 Bxf3 14. Nxf3 b5 15. a3 Qb7 16. Qe2 Rfc8 17. Rfe1 Na5 18. Ng5 Rc6 19. Nf3 Nc4 20. Ne5 Rcc8 21. a4 Nd6 22. Ng4 Nxg4 23. Qxg4 bxa4 24. Re3 Ne8 25. Rh3 g6 26. Be5 f5 27. Qe2 a3 28. bxa3 Rc6 29. c4 dxc4 30. Bxc4 Rac8 31. Rc3 Nc7 32. Bxc7 R8xc7 33. Bxe6+ Kg7 34. Rxc6 Qxc6 35. g3 Bf6 36. Rd1 Qd6 37. d5 Rb7 38. a4 Rb2 39. Qc4 Qb6 40. Rf1 Bd4 41. Kg2 Bxf2 42. Kh3 g5 43. Bxf5 h5 44. Qc3+ Bd4 45. Qc8 Kh6 46. Re1 g4+ 47. Bxg4 hxg4+ 48. Qxg4 Bf6 49. Re6 Rxh2+ 50. Kxh2 Qf2+ 51. Kh1 Qf1+ 1/2-1/2

[Event "Barcelona Sant Marti op-A 20th"]
[Site "Barcelona"]
[Date "2018.07.19"]
[Round "7"]
[White "Romero Pallares, Daniel"]
[Black "Anustoop, Biswas"]
[Result "1/2-1/2"]
[WhiteElo "2202"]
[BlackElo "2052"]
[PlyCount "51"]
[EventDate "2018.07.13"]
[EventType "swiss"]
[EventRounds "9"]
[EventCountry "ESP"]
[SourceTitle "CBM 185 Extra"]
[Source "ChessBase"]
[SourceDate "2018.07.29"]
[SourceVersion "1"]
[SourceVersionDate "2018.07.29"]
[SourceQuality "1"]

1. e4 e6 2. d4 d5 3. Bd3 c5 4. exd5 Qxd5 5. Nc3 Qd8 6. Nf3 Nc6 7. dxc5 Bxc5 8. Qe2 Nf6 9. Bg5 Bb4 10. 0-0 Bxc3 11. bxc3 h6 12. Bh4 0-0 13. Rab1 Qe7 14. Ne5 Nxe5 15. Qxe5 Rd8 16. Rfe1 g5 17. Bxg5 hxg5 18. Qxg5+ Kf8 19. Qh6+ Ke8 20. Bb5+ Nd7 21. Qh8+ Qf8 22. Qf6 Qe7 23. Qg7 Qf8 24. Qf6 Qe7 25. Qh8+ Qf8 26. Qf6 1/2-1/2